00475 2200169 4500001002100000008004100021035002000062245005400082100002800136260003900164300001300203020002200216084002000238082001100258650001400269990002200283INLIS000000000002730 ind  a0010-0425000086 akamus teknik empat bahasacAnwar dan Whh De Joger aAnwar, dan Whh De Joger aJakarta :bPradnya paramita,c1997 a255 hlm. a978-602-241-358-5 aR 620.003 Anu k a620003 aReferensi a557/R/SMPN7SBY/16